000 00318nam a22001457a 4500
008 230717b ||||| |||| 00| 0 eng d
020 _a9781935782056
041 _aeng
080 _a51
082 _a51DEN
100 _a23
101 _aMATM
245 _aVIEWING LIFE MATHEMATICALLY
_cDENLEY H
942 _2udc
_cBK
999 _c60142
_d60142